<?xml version="1.0" encoding="UTF-8"?><?xml-stylesheet type="text/xsl" href="static/style.xsl"?><OAI-PMH xmlns="http://www.openarchives.org/OAI/2.0/" xmlns:xsi="http://www.w3.org/2001/XMLSchema-instance" xsi:schemaLocation="http://www.openarchives.org/OAI/2.0/ http://www.openarchives.org/OAI/2.0/OAI-PMH.xsd"><responseDate>2026-06-01T06:01:00Z</responseDate><request verb="GetRecord" identifier="oai:riuma.uma.es:10630/5563" metadataPrefix="marc">https://riuma.uma.es/rest/oai/request</request><GetRecord><record><header><identifier>oai:riuma.uma.es:10630/5563</identifier><datestamp>2026-02-03T12:55:33Z</datestamp><setSpec>com_10630_4717</setSpec><setSpec>com_10630_3139</setSpec><setSpec>com_10630_10</setSpec><setSpec>col_10630_5501</setSpec></header><metadata><record xmlns="http://www.loc.gov/MARC21/slim" xmlns:dcterms="http://purl.org/dc/terms/" xmlns:doc="http://www.lyncode.com/xoai" xmlns:xsi="http://www.w3.org/2001/XMLSchema-instance" xsi:schemaLocation="http://www.loc.gov/MARC21/slim http://www.loc.gov/standards/marcxml/schema/MARC21slim.xsd">
   <leader>00925njm 22002777a 4500</leader>
   <datafield ind2=" " ind1=" " tag="042">
      <subfield code="a">dc</subfield>
   </datafield>
   <datafield ind2=" " ind1=" " tag="720">
      <subfield code="a">Bruno Carlos, Teresa</subfield>
      <subfield code="e">author</subfield>
   </datafield>
   <datafield ind2=" " ind1=" " tag="720">
      <subfield code="a">Paricio Esteban, Pilar</subfield>
      <subfield code="e">author</subfield>
   </datafield>
   <datafield ind2=" " ind1=" " tag="260">
      <subfield code="c">2013</subfield>
   </datafield>
   <datafield ind2=" " ind1=" " tag="520">
      <subfield code="a">La presente comunicación realiza una aproximación a la gestión de la comunicación y las&#xd;
relaciones públicas en la comarca de L´Horta de Valencia. En el estudio, se aborda la&#xd;
comunicación municipal desde una doble perspectiva: el análisis de los gabinetes de&#xd;
comunicación municipales y la medición de su eficacia en la gestión de las relaciones con los&#xd;
medios.&#xd;
Analizar los modelos de gabinetes de comunicación, sus estructuras, procesos, metodología&#xd;
y tácticas permite asentar las bases del conocimiento de la gestión de la comunicación&#xd;
municipal en la comarca de L´Horta. De manera complementaria a este análisis, se incide en&#xd;
el ámbito de las relaciones con los medios abordando la importancia de esta área en los&#xd;
gabinetes y valorando su eficacia en términos de publicity generada en los medios de&#xd;
comunicación.&#xd;
En relación a los objetivos de la investigación, se ha aplicado de forma combinada la&#xd;
metodología cualitativa y cuantitativa: por un lado, se han realizado entrevistas en&#xd;
profundidad a los responsables de comunicación de los gabinetes objeto de estudio y por&#xd;
otro lado, se ha utilizado metodología de evaluación en relaciones públicas, concretamente&#xd;
el método de medición a la exposición al mensaje (cobertura y análisis de contenido de las&#xd;
informaciones en prensa). Respecto al análisis de contenido se ha aplicado el análisis&#xd;
categorial y el análisis evaluativo tanto de la dirección como de la intensidad.</subfield>
   </datafield>
   <datafield ind1="8" ind2=" " tag="024">
      <subfield code="a">2174-3681</subfield>
   </datafield>
   <datafield ind1="8" ind2=" " tag="024">
      <subfield code="a">http://hdl.handle.net/10630/5563</subfield>
   </datafield>
   <datafield tag="653" ind2=" " ind1=" ">
      <subfield code="a">Administración local</subfield>
   </datafield>
   <datafield tag="653" ind2=" " ind1=" ">
      <subfield code="a">Relaciones públicas</subfield>
   </datafield>
   <datafield ind2="0" ind1="0" tag="245">
      <subfield code="a">Relaciones públicas y gabinetes de comunicación municipales. Análisis de la gestión y evaluación de las relaciones con los medios de los gabinetes de comunicación municipales de la comarca de l´Horta de Valencia</subfield>
   </datafield>
</record>
</metadata></record></GetRecord></OAI-PMH>